Boží hody : jak jedli Židé v Čechách a na Moravě / Ruth Bondyová ; [ilustrace Jiří Slíva]
Record details
- ISBN: 978-80-86911-16-8
- Physical Description: 177 s. : il. ; 19 cm
- Edition: Vyd. 1.
- Publisher: V Praze : Nakladatelství Franze Kafky, 2008
Content descriptions
| General Note: | Rozložená tit. s. |
| Bibliography, etc. Note: | Obsahuje bibliografické odkazy |
Search for related items by subject
| Genre: | monografie monographs |
Available copies
- 1 of 1 copy available at Common Catalog SPOK.
Holds
- 0 current holds with 1 total copy.
Show All Copies
| Location | Call Number / Copy Notes | Barcode | Shelving Location | Status | Due Date |
|---|---|---|---|---|---|
| The Jewish community of Prague | J 1505 | 4638302977 | J - Judaika | Available | - |
Electronic resources
Version of Resource: Digitalizovaný dokument
| LDR | 01874nam a2200517 a 4500 | ||
|---|---|---|---|
| 001 | 54949 | ||
| 003 | CZ-PrJAB | ||
| 005 | 20090310131910.0 | ||
| 007 | ta | ||
| 008 | 081030s2008 xr a f 000 0 cze | ||
| 015 | . | ‡acnb001828050 | |
| 020 | . | ‡a978-80-86911-16-8 ‡q(váz.) | |
| 035 | . | ‡a(CZ PrNK)nkc20081828050 | |
| 035 | . | ‡a(OCoLC)294938905 | |
| 040 | . | ‡aOLA001 ‡bcze ‡dABA001 | |
| 043 | . | ‡ae-xr--- | |
| 072 | 7. | ‡a641 ‡xKuchařství. Potraviny. Vařená jídla ‡2Konspekt ‡919 | |
| 080 | . | ‡a94(=411.16) ‡2MRF | |
| 080 | . | ‡a641.568(=411.16) ‡2MRF | |
| 080 | . | ‡a316.723:26 ‡2MRF | |
| 080 | . | ‡a641/642(091) ‡2MRF | |
| 080 | . | ‡a(437.3) ‡2MRF | |
| 080 | . | ‡a(048.8) ‡2MRF | |
| 100 | 1 | . | ‡aBondy, Ruth, ‡d1923-2017 ‡7xx0000118 ‡4aut |
| 245 | 1 | 0. | ‡aBoží hody : ‡bjak jedli Židé v Čechách a na Moravě / ‡cRuth Bondyová ; [ilustrace Jiří Slíva] |
| 246 | 3 | 0. | ‡aJak jedli Židé v Čechách a na Moravě |
| 250 | . | ‡aVyd. 1. | |
| 260 | . | ‡aV Praze : ‡bNakladatelství Franze Kafky, ‡c2008 | |
| 300 | . | ‡a177 s. : ‡bil. ; ‡c19 cm | |
| 500 | . | ‡aRozložená tit. s. | |
| 504 | . | ‡aObsahuje bibliografické odkazy | |
| 650 | 0 | 7. | ‡aŽidé ‡7ph127782 ‡zČesko ‡2czenas |
| 650 | 0 | 7. | ‡adějiny Židů ‡7ph489410 ‡zČesko ‡2czenas |
| 650 | 0 | 7. | ‡ažidovská jídla ‡7ph127989 ‡zČesko ‡2czenas |
| 650 | 0 | 7. | ‡ažidovská kultura ‡7ph180929 ‡zČesko ‡2czenas |
| 650 | 0 | 7. | ‡adějiny gastronomie ‡7ph484339 ‡zČesko ‡2czenas |
| 650 | 0 | 9. | ‡aJews ‡zCzechia ‡2eczenas |
| 650 | 0 | 9. | ‡ahistory of the Jews ‡zCzechia ‡2eczenas |
| 650 | 0 | 9. | ‡aJewish cookery ‡zCzechia ‡2eczenas |
| 650 | 0 | 9. | ‡aJewish culture ‡zCzechia ‡2eczenas |
| 650 | 0 | 9. | ‡ahistory of gastronomy ‡zCzechia ‡2eczenas |
| 655 | 7. | ‡amonografie ‡7fd132842 ‡2czenas | |
| 655 | 9. | ‡amonographs ‡2eczenas | |
| 856 | 4 | 1. | ‡uhttp://krameriusndk.nkp.cz/search/handle/uuid:7c3523a0-d52e-11e9-84ef-005056827e51 ‡yDigitalizovaný dokument |
| 910 | . | ‡aABE461 | |
| 995 | . | ‡aska | |
| 901 | . | ‡a54949 ‡bAUTOGEN ‡c54949 ‡tbiblio | |